John Milton : (Record no. 135635)

MARC details
000 -LEADER
fixed length control field 00578nam a22002057a 4500
005 - DATE AND TIME OF LATEST TRANSACTION
control field 20170124110247.0
010 ## - LIBRARY OF CONGRESS CONTROL NUMBER
LC control number 380179
020 ## - INTERNATIONAL STANDARD BOOK NUMBER
Terms of availability 00.00
035 ## - SYSTEM CONTROL NUMBER
System control number 380179
037 ## - SOURCE OF ACQUISITION
Source of stock number/acquisition Cen Lib/Ret
040 ## - CATALOGING SOURCE
Original cataloging agency DPL
Language of cataloging EN
082 ## - DEWEY DECIMAL CLASSIFICATION NUMBER
Classification number 921
Item number BUS
100 ## - MAIN ENTRY--PERSONAL NAME
Personal name Bush, Doughals
9 (RLIN) 97889
245 ## - TITLE STATEMENT
Title John Milton :
Remainder of title a sketch of his life and writings /
Statement of responsibility, etc by Doughlas Bush
260 ## - PUBLICATION, DISTRIBUTION, ETC. (IMPRINT)
Name of publisher, distributor, etc The Macmillan Comapany
300 ## - PHYSICAL DESCRIPTION
Extent 224p.
Dimensions 19cm(Hb)
650 ## - SUBJECT ADDED ENTRY--TOPICAL TERM
Topical term or geographic name as entry element Literature -- biography
9 (RLIN) 97890
650 ## - SUBJECT ADDED ENTRY--TOPICAL TERM
Topical term or geographic name as entry element English -- biography
9 (RLIN) 97891
942 ## - ADDED ENTRY ELEMENTS (KOHA)
Source of classification or shelving scheme Dewey Decimal Classification
Koha item type English Books
Classification part 921
Call number suffix BUS
Holdings
Withdrawn status Lost status Damaged status Not for loan Home library Current library Date acquired Source of acquisition Cost, normal purchase price Total Checkouts Full call number Barcode Date last seen Copy number Cost, replacement price Price effective from Koha item type
        Central Library Central Library 07/10/2015 Cen Lib/Ref 0.00   921 BUS 380179 07/10/2015 1 0.00 07/10/2015 English Books

© Delhi Public Library
Hit Counter
free hit counter